| 000 | 01859nam0a2200397 4500 | ||
|---|---|---|---|
| 001 | RU\NLR\bibl\348510 | ||
| 005 | 20250621152857.0 | ||
| 010 |
_a5-88651-156-3 _9100 |
||
| 021 |
_aRU _b2002-44198 _92142 |
||
| 035 | _a(NLR Aleph) 000343306 | ||
| 090 |
_a230202 _c230202 |
||
| 100 | _a20021121d2001 |||y0rusy50 ca | ||
| 101 | 0 | _arus | |
| 102 | _aRU | ||
| 105 | _ay ||||||||| | ||
| 200 | 1 |
_aПравовые основы юридической ответственности за экологические правонарушения _eУчеб.-справ. пособие _fВ. В. Соломатин, Е. А. Конюх _gМ-во внутрен. дел Рос. Федерации, Омская акад. |
|
| 210 |
_aОмск _cОмская акад. МВД РФ _d2001 |
||
| 215 |
_a215 с. _d20 |
||
| 300 | _aПосвящ. 200-летию МВД России | ||
| 327 | 0 | _aВ прил. включ. законодат. и норматив. материалы | |
| 606 | 0 |
_aЭкологические правонарушения _jРуководства, пособия и т.п. _xЮридическая ответственность _yРоссийская Федерация _92162553 _3RU\NLR\auth\661301358 |
|
| 610 | 0 | _aОкружающая среда - Загрязнение - Ответственность уголовная | |
| 675 |
_a343.77(075.8) _v3 _zrus |
||
| 686 |
_a10.77 _2rugasnti |
||
| 686 |
_a67.408я73 _2rubbk |
||
| 686 | _aХ628.111.624я7 | ||
| 686 | _aХ621.033.2я7 | ||
| 700 | 1 |
_aСоломатин _bВ. В. _gВячеслав Викторович _4070 |
|
| 701 | 1 |
_aКонюх _bЕ. А. _gЕвгений Александрович _4070 |
|
| 801 | 0 |
_aRU _bRKP _c20021121 _gPSBO |
|
| 801 | 1 |
_aRU _bRKP _c20021121 |
|
| 801 | 2 |
_aRU _bNLR _c20030113 _grcr |
|
| 942 | _cBOOK | ||
| 980 | _aNB | ||
| 980 | _aNBR | ||